000 01668nam0a2200373 4500
001 RU\NLR\BIBL_A\022737378
005 20260322050835.0
010 _a978-5-907845-44-2
035 _a(NLR Aleph) 022737378
090 _a13639709
_c13639709
100 _a20260226d2025 m y0rusy50 ca
101 0 _aeng
102 _aRU
105 _aa z 000yy
181 0 _ai3
_baxxe
182 0 _an
200 1 _aEurasian security architecture: origins, core principles and prospects for evolution
_fIvan Timofeev
_gValdai discussion club
203 _aТекст
_bвизуальный
_cнепосредственный
210 _aMoscow
_cThe foundation for development and support of the Valdai discussion club
_d2025
215 _a16 с.
_cцв. ил.
_d30
225 1 _aValdai discussion club report
309 _aБез тит. л. Описано по обл.
320 _aБиблиогр. в подстроч. примеч.
541 1 _aАрхитектура евразийской безопасности: генезис, принципы и возможные направления развития
606 1 _aМеждународная безопасность
_jЛекции, доклады и т.п
_yСтраны Евразии
_z21 в.
_92585489
_3RU\NLR\AUTH\6601738459
686 1 _aТ3(051)63-6
686 1 _aФ5(051)1
686 1 _aЦ8(051)1
700 1 _7ba
_8rus
_aTimofeev
_bI. N.
_cканд. полит. наук
_f1980-
_gIvan Nikolaevič
_9229254
_3RU\NLR\AUTH\770229310
712 0 2 _4570
_7ba
_8eng
_aValdai discussion club
_9510143
_3RU\NLR\AUTH\880422683
942 _cBOOK
980 _aNB